The big picture Bible time line / (Record no. 2602)

MARC details
000 -LEADER
fixed length control field 01037cam a2200337 a 4500
001 - CONTROL NUMBER
control field 130483
003 - CONTROL NUMBER IDENTIFIER
control field GBCCL
005 - DATE AND TIME OF LATEST TRANSACTION
control field 20241126110433.0
008 - FIXED-LENGTH DATA ELEMENTS--GENERAL INFORMATION
fixed length control field 921124s1991 caua 001 0 eng d
020 ## - INTERNATIONAL STANDARD BOOK NUMBER
International Standard Book Number 0830714723 (pbk.)
020 ## - INTERNATIONAL STANDARD BOOK NUMBER
International Standard Book Number 9780830714728 (pbk.)
029 1# -
-- AU@
-- 000013991335
035 ## - SYSTEM CONTROL NUMBER
System control number (OCoLC)ocm27021159
035 ## - SYSTEM CONTROL NUMBER
System control number (OCoLC)27021159
037 ## - SOURCE OF ACQUISITION
Stock number T5122
Source of stock number/acquisition Gospel Light
040 ## - CATALOGING SOURCE
Original cataloging agency IMC
Transcribing agency IMC
Modifying agency OCLCG
-- LBB
041 1# -
-- eng
-- eng
049 ## -
-- LBBP
082 ## - DEWEY DECIMAL CLASSIFICATION NUMBER
Classification number 268.432
-- 220.07
Item number BIG
092 ## - LOCALLY ASSIGNED DEWEY CALL NUMBER (OCLC)
Classification number 220.07
Item number B48
245 04 - TITLE STATEMENT
Title The big picture Bible time line /
Statement of responsibility, etc. Compiled by Carol Eide ; illustrated by Chizuko Yasuda ; designed by Carolyn Gillman.
260 ## - PUBLICATION, DISTRIBUTION, ETC.
Place of publication, distribution, etc. Ventra, Calif. :
Name of publisher, distributor, etc. Gospel Light,
Date of publication, distribution, etc. c1991.
300 ## - PHYSICAL DESCRIPTION
Extent xii, 78 p. :
Other physical details chiefly ill. ;
Dimensions 28 cm.
500 ## - GENERAL NOTE
General note Includes index.
630 00 - SUBJECT ADDED ENTRY--UNIFORM TITLE
Uniform title Bible
Form subdivision Chronology.
9 (RLIN) 5469
650 #0 - SUBJECT ADDED ENTRY--TOPICAL TERM
Topical term or geographic name entry element Bible
General subdivision Children's use.
9 (RLIN) 5470
700 1# - ADDED ENTRY--PERSONAL NAME
Personal name Eide, Carol,
Dates associated with a name 1961-
9 (RLIN) 5471
700 1# - ADDED ENTRY--PERSONAL NAME
Personal name Yasuda, Chizuko.
9 (RLIN) 5472
700 1# - ADDED ENTRY--PERSONAL NAME
Personal name Gillman, Carolyn.
9 (RLIN) 5473
942 ## - ADDED ENTRY ELEMENTS (KOHA)
Source of classification or shelving scheme Dewey Decimal Classification
Koha item type Books
Holdings
Withdrawn status Lost status Source of classification or shelving scheme Damaged status Not for loan Home library Current Library Shelving location Date acquired Total checkouts Full call number Barcode Date last seen Copy number Price effective from Koha item type
    Dewey Decimal Classification     GRACE BIBLE COLLEGE GRACE BIBLE COLLEGE Ministry & Mission 2017-09-06   268.432 BIG 007858 2025-05-01 c.1 2017-09-06 Books
    Dewey Decimal Classification     GRACE BIBLE COLLEGE GRACE BIBLE COLLEGE Ministry & Mission 2017-09-06   268.432 BIG 007859 2025-05-01 c.2 2017-09-06 Books
    Dewey Decimal Classification     GRACE BIBLE COLLEGE GRACE BIBLE COLLEGE Ministry & Mission 2018-05-18   268.432 BIG 007892 2025-05-01 c.3 2018-05-18 Books
    Dewey Decimal Classification     GRACE BIBLE COLLEGE GRACE BIBLE COLLEGE Ministry & Mission 2018-05-18   268.432 BIG 007893 2025-05-01 c.4 2018-05-18 Books
© Grace Bible College Library 2025